Normal view
MARC view
Entry Personal Name
001 - CONTROL NUMBER
- control field: 72178
003 - CONTROL NUMBER IDENTIFIER
- control field: dpl
005 - DATE AND TIME OF LATEST TRANSACTION
- control field: 20240930113621.0
008 - FIXED-LENGTH DATA ELEMENTS
- fixed length control field: 240930|| aca||aabn | a|a d
040 ## - CATALOGING SOURCE
- Original cataloging agency: dpl
- Transcribing agency: dpl
100 ## - HEADING--PERSONAL NAME
- Personal name: Murty, Dharanipragada Satya
670 ## - SOURCE DATA FOUND
- Source citation: Work cat.: (dpl)42943: Murty, Dharanipragada Satya, Twenty two guiding principles of life to lead a life of your choice:, 2010
